| 000 | 00527nam a2200157 a 4500 | ||
|---|---|---|---|
| 008 | 120416s1990 ||||||||||||||||| || u | ||
| 020 | _a0070600112 | ||
| 050 | _aHB 76 Spe | ||
| 100 | _aSpechler, Martin C | ||
| 245 | 1 | 0 | _aPerspectives in economic thought |
| 260 |
_aNew York: _bMcGraw-Hill _c1990 |
||
| 300 | _axii, 277p. : ill | ||
| 350 | _a0.00 | ||
| 650 | 0 | _aECONOMICS | |
| 995 |
_D0.00 _FCBU-MAIN LIBRARY (Kitwe) _H1 _I0.00 _UAVAILABLE _ZMain Library Open Access Collection |
||
| 999 |
_c53422 _d53422 |
||